Fairy Tales (Record no. 156344)
[ view plain ]
| 000 -LEADER | |
|---|---|
| fixed length control field | 00677nam a22002297a 4500 |
| 005 - DATE AND TIME OF LATEST TRANSACTION | |
| control field | 20180825160241.0 |
| 006 - FIXED-LENGTH DATA ELEMENTS--ADDITIONAL MATERIAL CHARACTERISTICS--GENERAL INFORMATION | |
| fixed length control field | a|||||f|||| 00| 0 |
| 007 - PHYSICAL DESCRIPTION FIXED FIELD--GENERAL INFORMATION | |
| fixed length control field | tc |
| 008 - FIXED-LENGTH DATA ELEMENTS--GENERAL INFORMATION | |
| fixed length control field | 180720b xxu||||| |||| 00| 0 eng d |
| 010 ## - LCCN (DPL NO) | |
| LC control number | BR-000958 |
| 020 ## - INTERNATIONAL STANDARD BOOK NUMBER | |
| Terms of availability | 11.00 |
| 035 ## - SYSTEM CONTROL NUMBER | |
| System control number | BR-000958 |
| 037 ## - SOURCE OF ACQUISITION | |
| Source of stock number/acquisition | A.I.C.B. |
| 082 ## - DEWEY DECIMAL CLASSIFICATION NUMBER | |
| Classification number | S |
| 100 ## - MAIN ENTRY--PERSONAL NAME | |
| Personal name | Williams, Teddy |
| 245 ## - TITLE STATEMENT | |
| Title | Fairy Tales |
| Statement of responsibility, etc | Williams, Teddy |
| 260 ## - PUBLICATION, DISTRIBUTION, ETC. (IMPRINT) | |
| Place of publication, distribution, etc | Delhi |
| Name of publisher, distributor, etc | A.C.I.B. |
| Date of publication, distribution, etc | N.D. |
| 270 ## - ADDRESS | |
| Address | Sector-5, Rohini, New Delhi-110085 |
| 300 ## - PHYSICAL DESCRIPTION | |
| Extent | various pages. |
| Dimensions | 30*28cm(HB). |
| 942 ## - ADDED ENTRY ELEMENTS (KOHA) | |
| Source of classification or shelving scheme | Dewey Decimal Classification |
| Item type | Braille-Books-Hindi |
| Classification part | S |
| Call number suffix | WIL |
No items available.
